A little journey through the new Toledo Public library. (Record no. 21905)

MARC details
000 -LEADER
fixed length control field 00563cam a22002051 4500
001 - CONTROL NUMBER
control field e 42000382
003 - CONTROL NUMBER IDENTIFIER
control field DLC
005 - DATE AND TIME OF LATEST TRANSACTION
control field 20260227111231.0
008 - FIXED-LENGTH DATA ELEMENTS--GENERAL INFORMATION
fixed length control field 780407s1940 xx 000 0 eng
010 ## - LIBRARY OF CONGRESS CONTROL NUMBER
LC control number e 42000382
035 ## - SYSTEM CONTROL NUMBER
System control number (OCoLC)3787306
040 ## - CATALOGING SOURCE
Original cataloging agency DLC
Transcribing agency OKentU
Modifying agency DLC
042 ## - AUTHENTICATION CODE
Authentication code premarc
050 00 - LIBRARY OF CONGRESS CALL NUMBER
Classification number Z733.T64
Item number L5
110 1# - MAIN ENTRY--CORPORATE NAME
Corporate name or jurisdiction name as entry element Toledo (Ohio).
Subordinate unit Public library.
245 12 - TITLE STATEMENT
Title A little journey through the new Toledo Public library.
260 ## - PUBLICATION, DISTRIBUTION, ETC.
Place of publication, distribution, etc. [Toledo?
Date of publication, distribution, etc. 1940?]
300 ## - PHYSICAL DESCRIPTION
Extent 15, [3] p.
Other physical details illus. (incl. plans)
Dimensions 21 cm.
500 ## - GENERAL NOTE
General note Cover title.

No items available.

Powered by Koha